000 00937nam a22003137a 4500
001 0064540
003 KOHA_MİRAKIL
005 20260207004500.0
007 ta
008 231101b2016 tu |||gr||||#0|||1|tur |
020 _a9786059701501
040 _aTR-BiSEU
_btur
_cTR-BiSEU
_erda
041 0 _atur
044 _ctu
050 _aPL248.U83
_bM35 2016
100 1 _aUşaklıgil, Halid Ziya.
245 1 _aMai ve Siyah/
_cHalid Ziya Uşaklıgil ; Halid Ziya Uşaklıgil; Yayına hazırlayan Ebru Ece Gözsüz.
264 1 _aİstanbul :
_bÖzgür Yayınları
_c2016
300 _a319 sayfa ;
_c21 cm.
336 _ametin
_btxt
_2rdacontent
337 _aaracısız
_bn
_2rdamedia
338 _acilt
_bnc
_2rdacarrier
490 1 _aÖzgür Yayınları ;
_v156
650 0 _aTürk roman.
_924060
650 0 _aTurkish fiction.
_96661
830 1 _aÖzgür Yayınları ;
_v156
_938826
907 _aRoman
942 _2lcc
_cBK
999 _c64337
_d64337